| 000 | 01907cam a22003375a 4500 | ||
|---|---|---|---|
| 001 | 18667575 | ||
| 005 | 20161114150938.0 | ||
| 008 | 150622s2015 nyua frbd 001 0 eng d | ||
| 020 | _a9781628922967 | ||
| 040 |
_aDLC _beng _cDLC _dEG-ScBUE |
||
| 043 | _an-us--- | ||
| 082 | 0 | 4 |
_a302.230973 _222 _bGUT |
| 100 | 1 |
_aGutsche, Robert E., _d1980- |
|
| 245 | 1 | 0 |
_aMedia control : _bnews as an institution of power and social control / _cRobert E. Gutsche. |
| 260 |
_aNew York ; _aLondon : _bBloomsbury Academic, _c2015. |
||
| 300 |
_ax, 383 p. : _bill. ; _c24 cm. |
||
| 500 | _aIndex : p. [363]-383. | ||
| 500 | _aGlosssary : p. [363]-365. | ||
| 504 | _aIncludes bibliographical referecens. | ||
| 505 | 8 | _aMachine generated contents note: -- Introduction -- Chapter 1 - Making News: Purposes, Practices & Pandering -- Chapter 2 - Press as Paternal Authority: Veiling Power via 'The Fourth Estate' -- Chapter 3 - Controversies, Conspiracies & Confusion: News as Cultural Distraction -- Chapter 4 - Normalizing Surveillance & Control: How the Press Contribute to Policing -- Chapter 5 - The Myth of Media Literacy & Why Americans Will Never Have It -- Conclusion. | |
| 520 | _a"A critical approach to the cultural function of news media, arguing that news is an institution that performs a function of social control under the guise of the Fourth Estate"-- | ||
| 650 | 7 |
_aMass media _xPolitical aspects _zUnited States _xHistory _y20th century. _2BUEsh |
|
| 650 | 7 |
_aMass media _xPolitical aspects _zUnited States _xHistory _y21st century. _2BUEsh |
|
| 650 | 7 |
_aJournalism _xPolitical aspects _zUnited States _xHistory _y20th century. _2BUEsh |
|
| 650 | 0 |
_aJournalism _xPolitical aspects _zUnited States _xHistory _y21st century. _2BUEsh |
|
| 650 | 7 |
_aPress and politics _zUnited States. _2BUEsh |
|
| 650 | 7 |
_aSocial control _zUnited States. _2BUEsh |
|
| 651 | _2BUEsh | ||
| 653 |
_bCOMSCI _cNovember2016 |
||
| 942 | _2ddc | ||
| 999 |
_c23122 _d23094 |
||